000 00445nam a22001817a 4500
003 MPLRDC
005 20220104172017.0
008 210129b ||||| |||| 00| 0 eng d
020 _a0-07-007097-0
082 _a550.1 BLI
100 _aDAVID M. BLITZER
245 _aWHAT'S THE ECONOMY TRYING TO TELL YOU?
_c
250 _a初版
260 _a
_bMCGRAW HILL
_c1997
300 _b
650 _a经济学原理
942 _cBK
_o550.1 BLI
999 _c58728
_d58718